Attack On Titan/Shingeki No Kyojin Characters Quiz - Statistics

General Stats
  • This quiz has been taken 1,043 times
  • The average score is 12 of 14
Answer Stats
Hint Answer % Correct
Claims he hates titans; is one himself Eren
99%
Wears a red scarf Mikasa
99%
"Potato Girl" Sasha
99%
HUMANITY'S STRONGEST, Y'ALL! Levi
97%
His grandfather owns illegal books about the outside world Armin
94%
Commander of the Scouting Legion Erwin
94%
King of cockiness, is the Armored Titan Reiner
94%
Quite cocky; has two shades of hair Jean
90%
Has a freckled face, but he dies. Good friends with Kirstein Marco
89%
The only person from 104th training corps that actually went in Military Police Annie
88%
Has a strange obsession with titans Hanji
85%
Is quite comical and his partner in crime is none other than Miss. Braus herself Connie
83%
Gets eaten in the fall of Wall Maria, is Eren's mom Karla
82%
Extremely tall, is the Colossal Titan Bertoldt
45%
No matching quizzes found
Score Distribution
Percent of People with Each Score
Percentile by Number Answered
Your Score History
You have not taken this quiz